[Event "Emerald City op"]
[Site "Chess.com INT"]
[Date "2020.06.20"]
[Round "?"]
[White "Bloom, Corey"]
[Black "Moore, Michael"]
[Result "0-1"]
[WhiteElo "1780"]
[BlackElo "1950"]
[PlyCount "52"]
[EventDate "2020.06.20"]
[EventType "swiss"]
[EventRounds "5"]
[EventCountry "USA"]
[SourceTitle "EXT 2023"]
[Source "ChessBase"]
[SourceDate "2022.10.05"]
[SourceVersion "1"]
[SourceVersionDate "2022.10.05"]
[SourceQuality "1"]

1. f4 d5 2. Nf3 Bg4 3. e3 Nd7 4. h3 Bxf3 5. Qxf3 e5 6. Qxd5 Ngf6 7. Qxb7 Rb8 8. Qf3 exf4 9. exf4 Bc5 10. Nc3 0-0 11. Bd3 Re8+ 12. Kd1 Qe7 13. b3 Rb6 14. Bb2 Re6 15. Kc1 Re1+ 16. Rxe1 Qxe1+ 17. Nd1 Ne4 18. Bxe4 Rxe4 19. c4 Re2 20. Qd3 Bb4 21. Bc3 Nc5 22. Qd4 Ne6 23. Qd7 Bxc3 24. dxc3 Nxf4 25. Qd8+ Re8 26. Qd4 Ne2+ 0-1

[Event "Emerald City op"]
[Site "Chess.com INT"]
[Date "2020.06.20"]
[Round "?"]
[White "Gottumukkala, Anath"]
[Black "Bloom, Corey"]
[Result "1-0"]
[WhiteElo "1785"]
[BlackElo "1780"]
[PlyCount "83"]
[EventDate "2020.06.20"]
[EventType "swiss"]
[EventRounds "5"]
[EventCountry "USA"]
[SourceTitle "EXT 2023"]
[Source "ChessBase"]
[SourceDate "2022.10.05"]
[SourceVersion "1"]
[SourceVersionDate "2022.10.05"]
[SourceQuality "1"]

1. e4 c5 2. d4 cxd4 3. c3 d5 4. exd5 Nf6 5. Qa4+ Nbd7 6. Qxd4 g6 7. Nf3 Bg7 8. c4 Nb6 9. Bd3 0-0 10. Qe3 e6 11. d6 Ng4 12. Qc5 Na4 13. Qb4 Bd7 14. Nc3 a5 15. Qa3 Nxc3 16. bxc3 Bc6 17. Be2 e5 18. h3 Nh6 19. Bg5 Qd7 20. Rd1 f6 21. Be3 f5 22. Bb6 f4 23. c5 Bb5 24. Qb3+ Kh8 25. Bxb5 Qf5 26. 0-0 g5 27. d7 Bf6 28. Qb1 e4 29. Nd2 e3 30. Qxf5 Nxf5 31. Ne4 Be7 32. Rd5 f3 33. gxf3 Nh4 34. fxe3 Nxf3+ 35. Kh1 Kg7 36. Be2 Nh4 37. Nxg5 Rxf1+ 38. Bxf1 Kf6 39. d8Q Bxd8 40. Bxd8+ Rxd8 41. Rxd8 Kxg5 42. Rd7 1-0